Iniciantes F1 - Statistics

Estatísticas Gerais
  • Esse quiz foi jogado 80 vezes
  • A pontuação média é 11 de 15
Estatísticas das Respostas
Pergunta Resposta % Correto
Quantos campeonatos tem Max Verstappen? 4
100%
Quantos campeonatos teve Ayrton Senna antes de morrer? 3
98%
Em que ano morreu Ayrton Senna? 1994
94%
Quantos títulos tem Lewis Hamilton? 7
94%
Qual a primeira equipa de Lewis Hamilton na F1? McLaren
94%
Qual o último ano de Ricciardo na Red Bull? 2018
81%
Qual o ano do seu primeiro título? 2008
79%
Qual a equipa Americana que entrou para a F1 em 2016 Haas
77%
Quando foi o primeiro campeonato de F1? 1950
72%
Qual a menor pista de F1 na atualidade? Monaco
70%
Quem foi o último campeão pela Ferrari? Kimi Raikkonen
60%
Qual a primeira equipa de Carlos Sainz? Toro Rosso
57%
Tiago Monteiro foi o primeiro português a ir a um pódio em que ano? 2005
55%
Quantas vitórias teve Alain Prost? 51
53%
Qual a primeira equipa de Charles Leclerc? Alfa Romeo
49%
Nenhum quiz correspondente encontrado
Distribuição das Pontuações
Porcentagem de Pessoas com Cada Pontuação
Percentil de Números Respondidos
Sua Pontuação Histórica
Você não jogou esse quiz